| 000 | 01045nam0a22002291i 4500 | ||
|---|---|---|---|
| 001 | rc\890216 | ||
| 005 | 20240723130142.0 | ||
| 035 | _a(NLR Aleph) 006066987 | ||
| 090 |
_a4965517 _c4965517 |
||
| 100 | _a20041129d1984 u |0rusy50 ca | ||
| 101 | 0 | _arus | |
| 102 | _aRU | ||
| 105 | _ay ||||||||| | ||
| 200 | 1 |
_aСтилистическое единство оригинала и сохранение его в переводе с казахского языка на русский _e(На материале романа-эпопеи М.О. Ауэзова "Путь Абая") _eАвтореф. дис. на соиск. учен. степ. канд. филол. наук _e(10.01.02) |
|
| 210 |
_aАлма-Ата _d1984 |
||
| 215 | _a24 с. | ||
| 300 | _aВ надзаг.: АН КазССР, Ин-т лит. и искусства им. М.О. Ауэзова | ||
| 700 | 1 |
_aКаракузова _bЖ.К. _gЖенискуль Кумекбаевна |
|
| 801 | 0 |
_aRU _bNLR _gpsbo |
|
| 801 | 1 |
_aRU _bELAR _2rusmarc |
|
| 852 |
_aNLR _j85-4/26844 |
||
| 942 | _cBOOK | ||